000 00678nam a2200205 i 4500
001 125572
003 ES-MaACL
005 20230906192646.0
007 t|
008 070619s1910 be ||||1| fre d
100 1 _aZiegler, Ernst.
_9118233
245 1 0 _aTraité d'anatomie pathologique generale et spéciale et pathogénie /
_cpar E. Ziegler; traduit par G. Augier, E. van Ermengem.
250 _a2e ed. française.
260 _aBruxelles :
_b[s.n.],
_c1910 (
_eLouvain :
_fE. Charpentier)
300 _a2 v. ;
_c26 cm.
650 1 4 _aAnatomía patológica.
_99806
700 1 _aAugier, G.
_923891
700 1 _aErmengen, E. van.
_947412
852 _aES-MaACL
_jB-11477-78
999 _c125572
_d125572